000 00634nam a2200205 4500
001 144588
003 ES-MaACL
005 20250814063238.0
007 t|
008 070214s1955 sp r ||||1| spa d
100 1 _aSimenon, Georges,
_d1903-1989
_9106467
245 1 0 _aMaigret y la joven muerta /
_cGeorges Simenon ; traducción de F. Cañameras.
260 _aBarcelona :
_bAlbor,
_c1955.
300 _a216 ;
_c19 cm.
490 1 _aCol. arbor ;
_v44
700 1 _aCanyameres, Ferran,
_d1898-1964
_934731
830 0 _aCol. arbor ;
_v44
_9220690
852 _aES-MaACL
_jC-9364
_bR.37791
999 _c144588
_d144588